[Event "World Blitz 2018"]
[Site "St Petersburg RUS"]
[Date "2018.12.30"]
[Round "17.22"]
[White "Melkumyan, Hrant"]
[Black "Amin, Bassem"]
[Result "0-1"]
[WhiteTitle "GM"]
[BlackTitle "GM"]
[WhiteElo "2670"]
[BlackElo "2710"]
[WhiteFideId "13302485"]
[BlackFideId "10601457"]
[EventDate "2018.12.29"]
[EventType "blitz"]

1. d4 Nf6 2. Nf3 g6 3. Nc3 d5 4. Bf4 Bg7 5. Nb5 Na6 6. e3 c6 7. Nc3 Nb8 8. h3
O-O 9. Be2 Nbd7 10. O-O Re8 11. Bh2 a5 12. Ne5 Nxe5 13. Bxe5 Ne4 14. Nxe4 Bxe5
15. dxe5 dxe4 16. Qd4 Qxd4 17. exd4 Rd8 18. Rad1 Be6 19. a3 f6 20. exf6 exf6 21.
Rfe1 f5 22. f3 Bd5 23. c4 exf3 24. gxf3 Bf7 25. f4 Rd7 26. Kf2 Rad8 27. d5 cxd5
28. c5 d4 29. Bb5 Rd5 30. b4 axb4 31. axb4 d3 32. Re7 Rd4 33. Rxb7 Rxf4+ 34. Kg3
Rxb4 35. c6 f4+ 36. Kf2 Rb2+ 37. Kf3 g5 38. Kg4 h5+ 39. Kxg5 Kg7 40. Rxd3 Rxb5+
41. Rxb5 Rxd3 42. Rc5 Rd5+ 43. Rxd5 Bxd5 44. c7 Be6 45. Kxf4 Kg6 46. h4 Kf6 47.
Ke4 Bc8 48. Kf4 Bf5 49. Kf3 Ke5 50. Ke3 Bg4 0-1

[Event "World Blitz 2018"]
[Site "St Petersburg RUS"]
[Date "2018.12.30"]
[Round "17.33"]
[White "Vallejo Pons, Francisco"]
[Black "Usmanov, Vasily"]
[Result "1-0"]
[WhiteTitle "GM"]
[BlackTitle "IM"]
[WhiteElo "2695"]
[BlackElo "2450"]
[WhiteFideId "2205530"]
[BlackFideId "4135741"]
[EventDate "2018.12.29"]
[EventType "blitz"]

1. d4 d5 2. c4 dxc4 3. e3 e5 4. Bxc4 exd4 5. exd4 Nf6 6. Qb3 Qe7+ 7. Be3 Qb4+ 8.
Nc3 Qxb3 9. Bxb3 a6 10. Nf3 Bd6 11. Bg5 Nbd7 12. O-O-O O-O 13. Rhe1 h6 14. Bh4
g5 15. Bg3 Nb6 16. Ne5 Bf5 17. f4 Nh5 18. fxg5 Nxg3 19. hxg3 hxg5 20. Rf1 Be6
21. Ne4 Bxb3 22. Nf6+ Kg7 23. axb3 Rad8 24. Nh5+ Kg8 25. Rf5 Be7 26. Ng4 Rd6 27.
Rdf1 Nd5 28. Rxd5 Rxd5 29. Ngf6+ Bxf6 30. Nxf6+ Kg7 31. Nxd5 Rd8 32. Ne3 Kg6 33.
Nf5 g4 34. Kc2 Re8 35. Kd3 Kg5 36. Ne3 f6 37. Rf5+ Kg6 38. Rf4 Rh8 39. Rxg4+ Kf7
40. Rh4 Rg8 41. g4 Ke6 42. Rh7 Kd6 43. Rf7 Rg6 44. b4 Kc6 45. Kc4 b5+ 46. Kd3
Kd6 47. Ke4 c6 48. Nf5+ Ke6 49. Re7# 1-0

[Event "World Blitz 2018"]
[Site "St Petersburg RUS"]
[Date "2018.12.30"]
[Round "17.37"]
[White "Sargissian, Gabriel"]
[Black "Najer, Evgeniy"]
[Result "0-1"]
[WhiteTitle "GM"]
[BlackTitle "GM"]
[WhiteElo "2689"]
[BlackElo "2670"]
[WhiteFideId "13300881"]
[BlackFideId "4118987"]
[EventDate "2018.12.29"]
[EventType "blitz"]

1. d4 Nf6 2. Nf3 e6 3. c4 Bb4+ 4. Bd2 c5 5. Bxb4 cxb4 6. g3 b6 7. Bg2 Bb7 8. O-O
a5 9. Qd3 O-O 10. Nbd2 d6 11. Rfd1 Re8 12. Ne1 Bxg2 13. Nxg2 Nbd7 14. Ne3 Qc7
15. a3 bxa3 16. bxa3 h5 17. Rab1 e5 18. Ne4 Rac8 19. Nc3 e4 20. Qd2 Qd8 21. Rb5
g6 22. Rdb1 Rc6 23. Na4 Ng4 24. Nb2 Nxe3 25. Qxe3 Nf6 26. Qg5 e3 27. f3 Qe7 28.
Rd1 Kg7 29. Rd3 d5 30. cxd5 Rc1+ 31. Nd1 Qd7 32. a4 Ra1 33. Kg2 Rxa4 34. Nc3 Rb4
35. Rxb4 axb4 36. Ne4 Nxe4 37. fxe4 Rxe4 38. Rb3 Qd6 39. Kf3 Rxd4 40. Rxe3 Qxd5+
41. Qxd5 Rxd5 42. Rb3 Rb5 43. Ke4 Kf6 44. Kd4 Kf5 45. Kc4 Re5 46. Rf3+ Ke6 47.
e3 Re4+ 48. Kd3 Re5 49. Kc4 Re4+ 50. Kd3 Rg4 51. e4 f6 52. Rf1 Ke5 53. Re1 h4
54. Re3 hxg3 55. hxg3 b3 56. Kc3 Rf4 57. Rf3 Rxe4 58. Kxb3 Re2 59. Kc4 f5 60.
Rb3 Ke4 0-1

[Event "World Blitz 2018"]
[Site "St Petersburg RUS"]
[Date "2018.12.30"]
[Round "17.44"]
[White "Gordievsky, Dmitry"]
[Black "Nozdrachev, Vladislav"]
[Result "1/2-1/2"]
[WhiteTitle "GM"]
[BlackTitle "IM"]
[WhiteElo "2614"]
[BlackElo "2486"]
[WhiteFideId "24112798"]
[BlackFideId "24113441"]
[EventDate "2018.12.29"]
[EventType "blitz"]

1. Nf3 d5 2. g3 Nf6 3. Bg2 e6 4. O-O Be7 5. b3 O-O 6. Bb2 a5 7. c4 a4 8. d3 Nc6
9. e3 a3 10. Bc3 Nb4 11. Qe2 c5 12. Nbd2 b6 13. Bxb4 cxb4 14. d4 Bb7 15. Rac1
Rc8 16. Ne5 Bd6 17. Nd3 Qe7 18. e4 dxe4 19. Nxe4 Nxe4 20. Bxe4 Rfd8 21. Rfd1
Bxe4 22. Qxe4 h6 23. f4 g6 24. Ne1 Qc7 25. Nf3 Bf8 26. Rd3 Bg7 27. Rcd1 Rd6 28.
d5 b5 29. Ne5 bxc4 30. Nxc4 exd5 31. Rxd5 Rxd5 32. Qxd5 Re8 33. Rd2 Qa7+ 34. Kf1
Bc3 35. Re2 Rxe2 36. Kxe2 Qg1 37. Nd6 Qe1+ 38. Kd3 Qf1+ 39. Ke3 Qe1+ 40. Kd3
Qf1+ 41. Ke3 Qe1+ 1/2-1/2

[Event "World Blitz 2018"]
[Site "St Petersburg RUS"]
[Date "2018.12.30"]
[Round "17.54"]
[White "Levin, Evgeny A."]
[Black "Grachev, Boris"]
[Result "1/2-1/2"]
[WhiteTitle "GM"]
[BlackTitle "GM"]
[WhiteElo "2516"]
[BlackElo "2626"]
[WhiteFideId "4182596"]
[BlackFideId "4129199"]
[EventDate "2018.12.29"]
[EventType "blitz"]

1. d4 d5 2. c4 e6 3. Nc3 a6 4. cxd5 exd5 5. Qb3 c5 6. Nxd5 Nc6 7. Nf3 cxd4 8. e4
dxe3 9. Bxe3 Be6 10. Rd1 Qa5+ 11. Qc3 Qxc3+ 12. Nxc3 Nf6 13. Nd4 Nxd4 14. Bxd4
Bb4 15. a3 Bxc3+ 16. Bxc3 O-O 17. f3 Nd5 18. Bd2 Rac8 19. Bd3 Rfd8 20. Kf2 Nf6
21. Bc3 Nd5 22. Bd2 Nf6 23. Bc3 Bb3 24. Rd2 Nd5 25. Bd4 Nf4 26. Bb1 Ne6 27. Be3
Rxd2+ 28. Bxd2 Rd8 29. Be3 Bd5 30. Rd1 Bc6 31. Rxd8+ Nxd8 32. Bb6 Ne6 33. Ke3 g6
34. h4 f5 35. Ba2 Kf7 36. Bxe6+ Kxe6 37. Bd4 1/2-1/2

[Event "World Blitz 2018"]
[Site "St Petersburg RUS"]
[Date "2018.12.30"]
[Round "17.59"]
[White "Vishnu Prasanna, V"]
[Black "Zvjaginsev, Vadim"]
[Result "1-0"]
[WhiteTitle "GM"]
[BlackTitle "GM"]
[WhiteElo "2518"]
[BlackElo "2642"]
[WhiteFideId "5030692"]
[BlackFideId "4113403"]
[EventDate "2018.12.29"]
[EventType "blitz"]

1. Nf3 Nf6 2. d4 g6 3. Nc3 d5 4. Bf4 Bg7 5. e3 c6 6. h4 Bg4 7. Be2 Nbd7 8. Ne5
Bxe2 9. Qxe2 h5 10. O-O-O e6 11. Kb1 a5 12. f3 a4 13. a3 Qa5 14. g4 Qa6 15. Qg2
Nb6 16. gxh5 Nxh5 17. Nxg6 Nc4 18. Rd3 Nxf4 19. Nxf4 Bh6 20. Qg4 O-O-O 21. Rg1
Kb8 22. Qg3 Qa5 23. Nfxd5+ Ka7 24. Nb4 Bxe3 25. Rgd1 Rd7 26. Qe1 Bf4 27. Ne4
Rhd8 28. Qc3 Qb5 29. Nc5 Rd6 30. Nxa4 Nd2+ 31. R3xd2 Bxd2 32. Rxd2 Qxa4 33. h5
Qb5 34. Rh2 Rxd4 35. h6 Qc4 36. Qe3 c5 37. Nd3 Rxd3 38. cxd3 Rxd3 39. Qc1 Qd5
40. h7 Qf5 41. Ka1 Rxf3 42. h8=Q Rf1 43. Qc3 1-0

[Event "World Blitz 2018"]
[Site "St Petersburg RUS"]
[Date "2018.12.30"]
[Round "17.63"]
[White "Demchenko, Anton"]
[Black "Sokolov, Andrei2"]
[Result "0-1"]
[WhiteTitle "GM"]
[BlackTitle "IM"]
[WhiteElo "2679"]
[BlackElo "2532"]
[WhiteFideId "4160258"]
[BlackFideId "11600306"]
[EventDate "2018.12.29"]
[EventType "blitz"]

1. e4 Nf6 2. e5 Nd5 3. d4 d6 4. Nf3 Bg4 5. Be2 e6 6. O-O Be7 7. c4 Nb6 8. exd6
cxd6 9. Nbd2 O-O 10. h3 Bh5 11. b3 Nc6 12. Bb2 d5 13. c5 Nd7 14. a3 a5 15. Rc1
Bf6 16. Qc2 Bg6 17. Bd3 Bxd3 18. Qxd3 b6 19. cxb6 Qxb6 20. Rc2 Rfc8 21. Rfc1 Ne7
22. Rxc8+ Rxc8 23. Rxc8+ Nxc8 24. Qc2 Ne7 25. Bc3 Nc6 26. Qd3 h6 27. g3 Be7 28.
Bb2 Bf6 29. Kg2 Be7 30. h4 Bf6 31. Qe3 Qb5 32. g4 Be7 33. Qf4 Qb8 34. Qe3 Qb5
35. Qc3 Bd6 36. Nf1 Ne7 37. h5 Nf6 38. Ne3 Ne4 39. Qc2 Nc6 40. Ne1 Be7 41. f3
Nf6 42. Nd3 Nd7 43. Nf4 Bg5 44. Kg3 Qb8 45. Ng2 Qd6 46. Kf2 Bxf4 47. Nxf4 Nxd4
48. Bxd4 Qxf4 49. Qc8+ Kh7 50. Be3 Qd6 51. Qe8 d4 52. Bd2 Ne5 53. Ke2 Qd5 54.
Kd1 Qxf3+ 55. Kc2 Qe4+ 56. Kd1 Qb1+ 57. Ke2 Qd3+ 58. Kd1 Nf3 0-1

[Event "World Blitz 2018"]
[Site "St Petersburg RUS"]
[Date "2018.12.30"]
[Round "17.67"]
[White "Potapov, Pavel"]
[Black "Baron, Tal"]
[Result "0-1"]
[WhiteTitle "GM"]
[BlackTitle "GM"]
[WhiteElo "2516"]
[BlackElo "2532"]
[WhiteFideId "4169786"]
[BlackFideId "2809958"]
[EventDate "2018.12.29"]
[EventType "blitz"]

1. e4 e6 2. d4 d5 3. Bd3 dxe4 4. Bxe4 Nf6 5. Bf3 c5 6. Ne2 Nc6 7. Be3 cxd4 8.
Nxd4 Ne5 9. Nc3 Be7 10. Qe2 O-O 11. O-O-O Bd7 12. Kb1 Rc8 13. Nb3 Nxf3 14. Qxf3
Qc7 15. Bf4 e5 16. Bxe5 Qxe5 17. Rhe1 Qxh2 18. Rxd7 Nxd7 19. Rxe7 Ne5 20. Qxb7
Qg1+ 21. Nc1 Nc4 22. Ne2 Qxf2 23. Ka1 Rb8 24. Qc7 Qf6 25. c3 Nxb2 26. Nb3 Na4
27. Re3 Qf2 28. Qe5 Rfd8 29. Kb1 h6 30. Kc2 Qe1 31. Ned4 Qf2+ 32. Re2 Qf1 33.
Re1 Qxg2+ 34. Re2 Qg6+ 35. Kd2 Rbc8 36. Qa5 Nb2 37. Qxa7 Nc4+ 38. Kc1 Nb6 39.
Kb2 Nc4+ 40. Kc1 Nb6 41. Kb2 Nd5 42. Rc2 Ne3 43. Re2 Nd1+ 44. Kc1 Nxc3 45. Rc2
Qg1+ 46. Kb2 Qb1+ 47. Ka3 Ra8 48. Nc6 Nb5+ 49. Kb4 Nxa7 0-1

[Event "World Blitz 2018"]
[Site "St Petersburg RUS"]
[Date "2018.12.30"]
[Round "17.72"]
[White "Demidov, Mikhail"]
[Black "Abdusattorov, Nodirbek"]
[Result "1/2-1/2"]
[WhiteTitle "IM"]
[BlackTitle "GM"]
[WhiteElo "2520"]
[BlackElo "2546"]
[WhiteFideId "4197143"]
[BlackFideId "14204118"]
[EventDate "2018.12.29"]
[EventType "blitz"]

1. Nf3 Nf6 2. g3 d5 3. Bg2 c6 4. O-O Bg4 5. h3 Bxf3 6. Bxf3 e6 7. Bg2 Be7 8. d3
O-O 9. Qe1 Nbd7 10. e4 Nc5 11. Qe2 dxe4 12. dxe4 e5 13. Nd2 Qc7 14. a4 Rad8 15.
Nc4 Ne6 16. c3 Nd7 17. b4 Rfe8 18. h4 b6 19. Bh3 Bf8 20. Be3 Nf6 21. Bg2 Rd7 22.
Rfd1 Red8 23. Rxd7 Rxd7 24. Rd1 b5 25. Nb2 a6 26. Rxd7 Nxd7 27. Qd1 Nf6 28. Qd3
h5 29. Bh3 Ng4 30. Bxg4 hxg4 31. Qe2 a5 32. axb5 cxb5 33. bxa5 Qxa5 34. Nd1 Qa4
35. Qxg4 Qc2 36. Qf3 Bc5 37. Bg5 f6 38. Qg4 Kf7 39. Be3 Bxe3 40. Nxe3 Qxc3 41.
Qh5+ Kf8 42. Qh8+ Kf7 43. Qb8 Qc1+ 44. Kg2 Qc6 45. Nd5 Nc5 46. Qa7+ Nd7 47. f3
f5 48. Nb6 Ke8 49. Nd5 fxe4 50. fxe4 Qc2+ 51. Kf3 Qd3+ 52. Ne3 Nf6 53. Qb8+ Kf7
54. Qxe5 b4 55. Qc7+ Kg6 56. Qc4 Qxc4 57. Nxc4 b3 58. g4 Nd7 59. Kf4 Nb6 60. Nb2
Nd7 61. e5 Nc5 62. h5+ Kf7 63. Kf5 Ne6 64. g5 Nd4+ 65. Ke4 Ne6 66. g6+ Ke7 67.
Nc4 Nc5+ 68. Kd4 Ne6+ 69. Ke3 Nc5 70. Kd4 Ne6+ 71. Kc3 Nf4 72. Kxb3 Nxh5 73. Kc3
Nf4 74. Kd4 Nxg6 75. Ke4 Ke6 76. Kd4 Ne7 77. Ke4 g5 78. Ne3 Nc6 79. Ng4 Nd8 80.
Ne3 Nf7 81. Ng4 Nh8 82. Ne3 Ng6 83. Ng4 Nf4 84. Ne3 Nh5 85. Ng4 Ng3+ 86. Kf3 Nf5
87. Ke4 Ne7 88. Nf6 Nc6 89. Ng4 Nd8 90. Nh6 Nb7 91. Ng4 Nc5+ 92. Kd4 Nd7 93. Ke4 1/2-1/2

[Event "World Blitz 2018"]
[Site "St Petersburg RUS"]
[Date "2018.12.30"]
[Round "17.74"]
[White "Tregubov, Pavel V."]
[Black "Danielyan, Vahe"]
[Result "0-1"]
[WhiteTitle "GM"]
[BlackTitle "FM"]
[WhiteElo "2592"]
[BlackElo "2220"]
[WhiteFideId "4115341"]
[BlackFideId "13304828"]
[EventDate "2018.12.29"]
[EventType "blitz"]

1. d4 Nf6 2. c4 c5 3. d5 g6 4. Nc3 Bg7 5. e4 d6 6. h3 O-O 7. Bd3 a6 8. a4 e5 9.
Nge2 b6 10. O-O Ra7 11. Rb1 Re7 12. b4 Nbd7 13. Be3 Ne8 14. a5 cxb4 15. Rxb4
bxa5 16. Ra4 f5 17. f3 Ref7 18. Ra3 Nc5 19. Bc2 fxe4 20. Nxe4 Nxe4 21. Bxe4 Bf5
22. Nc3 Nf6 23. Bxf5 gxf5 24. c5 dxc5 25. Bxc5 Re8 26. d6 Nd7 27. Bf2 Bf8 28.
Qd2 Re6 29. Qa2 Rxd6 30. Rxa5 Qf6 31. Nd5 Qg6 32. Ra1 Kh8 33. Bh4 Rg7 34. Qf2
Rc6 35. Rd1 h6 36. Kh1 Kh7 37. Ra2 e4 38. Nf4 Qf7 39. fxe4 fxe4 40. Re2 Bc5 41.
Qf1 e3 42. Rc2 Qf5 43. Qd3 Qxd3 44. Nxd3 Rf7 45. Nxc5 Nxc5 46. Re1 Rf4 47. Bg3
Re4 48. Rc3 e2 49. Rc2 Rg6 50. Bf2 Nd3 51. Rexe2 Rxe2 52. Rxe2 Rc6 53. Re7+ Kg6
54. Bd4 h5 55. Kh2 a5 56. Ra7 Rc4 57. Ra6+ Kf7 58. Be3 a4 59. Bd2 h4 60. Ra7+
Ke6 61. Ra5 Nc5 62. Bg5 Nb3 63. Ra6+ Kf5 64. Be7 Nd2 65. Rh6 Nf1+ 66. Kg1 Ng3
67. Kf2 Ne4+ 68. Ke3 Nc3 69. Kd3 Rc8 70. Rxh4 Nd5 71. Rh5+ Ke6 72. Bg5 a3 73.
Rh6+ Kf5 74. Ra6 Nb4+ 75. Kd4 0-1

[Event "World Blitz 2018"]
[Site "St Petersburg RUS"]
[Date "2018.12.30"]
[Round "17.84"]
[White "Gaifullin, Artur"]
[Black "Borisenko, Viacheslav"]
[Result "1-0"]
[WhiteTitle "FM"]
[BlackTitle "IM"]
[WhiteElo "2448"]
[BlackElo "2289"]
[WhiteFideId "24168653"]
[BlackFideId "14115824"]
[EventDate "2018.12.29"]
[EventType "blitz"]

1. d4 d5 2. c4 dxc4 3. Nf3 Nf6 4. e3 e6 5. Bxc4 a6 6. O-O c5 7. Qe2 b5 8. Bb3 c4
9. Bc2 Bb7 10. Rd1 Nc6 11. a3 Be7 12. Nc3 b4 13. axb4 Nxb4 14. Ba4+ Kf8 15. Ne5
Rc8 16. Nxc4 Nbd5 17. Ne5 Rxc3 18. bxc3 Nxc3 19. Qb2 Qd5 20. f3 Nxd1 21. Bxd1
Ne8 22. Bb3 Qb5 23. Qc2 Bd6 24. Ba4 Qd5 25. Bb2 f6 26. e4 Qa5 27. Bxe8 Qd8 28.
Bc6 Bc8 29. Nc4 Bc7 30. Ne3 Kf7 31. Rc1 Qd6 32. e5 Qe7 33. d5 Bb6 34. Qe2 fxe5
35. Kh1 Qg5 36. Ng4 Bc7 37. Nxe5+ Bxe5 38. Qxe5 Qxe5 39. Bxe5 Rd8 40. d6 Bd7 41.
Bxd7 Rxd7 42. Rc7 Ke8 43. Rc8+ Kf7 44. g4 h6 45. Ra8 Rb7 46. Rxa6 Rb1+ 47. Kg2
Rd1 48. f4 Kg6 49. h4 h5 50. gxh5+ Kxh5 51. Kf3 Rf1+ 52. Ke2 Rh1 53. d7 Rh2+ 54.
Kd3 Rh1 55. Rd6 Rh3+ 56. Kc4 Rh1 57. d8=Q Kg4 58. Qg5+ Kf3 59. Rd3+ Ke4 60. Qg6# 1-0

[Event "World Blitz 2018"]
[Site "St Petersburg RUS"]
[Date "2018.12.30"]
[Round "18.24"]
[White "Tang, Andrew"]
[Black "Adly, Ahmed"]
[Result "0-1"]
[WhiteTitle "GM"]
[BlackTitle "GM"]
[WhiteElo "2487"]
[BlackElo "2626"]
[WhiteFideId "2059630"]
[BlackFideId "10601619"]
[EventDate "2018.12.29"]
[EventType "blitz"]

1. d4 Nf6 2. c4 e6 3. Nc3 d5 4. cxd5 Nxd5 5. e4 Nxc3 6. bxc3 c5 7. Nf3 cxd4 8.
cxd4 Bb4+ 9. Bd2 Bxd2+ 10. Qxd2 O-O 11. Rc1 b6 12. Bd3 Bb7 13. O-O Nd7 14. Qf4
Nf6 15. g4 Qb8 16. Ne5 Nd7 17. Rc3 f6 18. Bc4 fxe5 19. Bxe6+ Kh8 20. Qg5 Qd6 21.
Bf5 exd4 22. Rh3 h6 23. Qh5 Rae8 24. f3 Re5 25. g5 d3 26. Rd1 d2 27. gxh6 g6 28.
Qxg6 Rg8 29. Qg7+ Rxg7+ 30. hxg7+ Kxg7 31. Rh7+ Kg8 32. Rxd7 Qc5+ 33. Kg2 Rxf5
34. exf5 Bxf3+ 35. Kxf3 Qxf5+ 36. Ke3 Qxd7 37. Rxd2 Qh3+ 38. Ke4 Kf7 39. Kd4 Ke6
40. Kc4 Qa3 41. Kd4 Qb4+ 42. Kd3 Ke5 43. Re2+ Kd5 44. Rd2 a5 45. Ke3+ Ke5 46.
Kd3 b5 47. Re2+ Kd5 48. Rd2 Qc4+ 49. Ke3+ Ke5 0-1

[Event "World Blitz 2018"]
[Site "St Petersburg RUS"]
[Date "2018.12.30"]
[Round "18.46"]
[White "Jumabayev, Rinat"]
[Black "Le, Quang Liem"]
[Result "0-1"]
[WhiteTitle "GM"]
[BlackTitle "GM"]
[WhiteElo "2602"]
[BlackElo "2714"]
[WhiteFideId "13702661"]
[BlackFideId "12401137"]
[EventDate "2018.12.29"]
[EventType "blitz"]

1. e4 c5 2. Nf3 Nc6 3. Bb5 g6 4. O-O Bg7 5. Bxc6 dxc6 6. h3 Nf6 7. d3 Nd7 8. Nc3
b6 9. a3 a5 10. Nd2 e5 11. Nc4 O-O 12. f4 exf4 13. Bxf4 Ba6 14. Bd6 Re8 15. Qf3
Bxc4 16. dxc4 Qf6 17. Qxf6 Bxf6 18. Na4 Rxe4 19. c3 Bg5 20. Rae1 Rae8 21. Rxe4
Rxe4 22. Bc7 b5 23. Nb6 Nxb6 24. Bxb6 Re2 25. b3 Be3+ 26. Kh1 bxc4 27. bxc4 a4
28. Rd1 Kg7 29. Rd7 Re1+ 30. Kh2 Bg1+ 31. Kg3 Re3+ 32. Kf4 Rxc3 33. Ke5 Rxc4 34.
Ra7 Bh2+ 0-1

[Event "World Blitz 2018"]
[Site "St Petersburg RUS"]
[Date "2018.12.30"]
[Round "18.49"]
[White "Goganov, Aleksey"]
[Black "Sargissian, Gabriel"]
[Result "0-1"]
[WhiteTitle "GM"]
[BlackTitle "GM"]
[WhiteElo "2612"]
[BlackElo "2689"]
[WhiteFideId "24109959"]
[BlackFideId "13300881"]
[EventDate "2018.12.29"]
[EventType "blitz"]

1. Nf3 d5 2. e3 Nf6 3. c4 e6 4. b3 Be7 5. Bb2 O-O 6. Nc3 b6 7. cxd5 exd5 8. d4
Bb7 9. Bd3 Nbd7 10. O-O Ne4 11. Qc2 Ndf6 12. Ne5 Bd6 13. Nb5 Qe7 14. Nxd6 cxd6
15. Nf3 Ng4 16. Qe2 Rac8 17. h3 Nh6 18. Rac1 Nf5 19. Rxc8 Rxc8 20. Rc1 Rxc1+ 21.
Bxc1 Qc7 22. Qc2 Qxc2 23. Bxc2 Ne7 24. Ba3 f6 25. Ne1 Nc8 26. Bb2 Kf7 27. f3 Ng5
28. h4 Ne6 29. Bxh7 g6 30. h5 gxh5 31. Bd3 Nc7 32. Kf2 Ba6 33. Bc2 Ne7 34. g3
Nc6 35. a3 Ne6 36. Ng2 Ng7 37. Nf4 Ne7 38. Bc3 Bb7 39. Bb4 Nc8 40. Bg6+ Kf8 41.
Nxh5 Nxh5 42. Bxh5 a5 43. Bc3 Na7 44. Bg6 Bc6 45. Bc2 Ke7 46. g4 Be8 47. Kg3 Nc6
48. Kf4 Nd8 49. e4 Ne6+ 50. Ke3 dxe4 51. Bxe4 Nc7 52. f4 Bf7 53. Bc2 Nd5+ 54.
Kd2 Nxf4 55. Bf5 Bxb3 56. d5 Bxd5 57. Bd4 b5 58. Bb6 a4 59. Be3 Nh3 60. Kc3 Ng5
61. Kb4 Bc4 62. Bc2 Be2 63. Bf5 Nf7 64. Be4 Bxg4 65. Kxb5 Bd7+ 66. Kb4 Ne5 67.
Bc2 f5 68. Bxa4 f4 69. Bxd7 Kxd7 70. Bg1 f3 71. Kc3 Ng4 72. a4 f2 73. Bxf2 Nxf2
74. Kd4 Ng4 75. a5 Nf6 76. Kc4 Kc6 77. Kb4 Ne8 78. Kc4 Nc7 79. Kb4 Na6+ 80. Kc4
d5+ 81. Kd4 Kd6 82. Kd3 Kc5 83. Kc3 d4+ 0-1

[Event "World Blitz 2018"]
[Site "St Petersburg RUS"]
[Date "2018.12.30"]
[Round "18.56"]
[White "Timofeev, Artyom"]
[Black "Tissir, Mohamed"]
[Result "1-0"]
[WhiteTitle "GM"]
[BlackTitle "IM"]
[WhiteElo "2589"]
[BlackElo "2387"]
[WhiteFideId "4140419"]
[BlackFideId "9000240"]
[EventDate "2018.12.29"]
[EventType "blitz"]

1. c4 e6 2. Nc3 Ne7 3. e4 d5 4. d4 dxe4 5. Nxe4 Nbc6 6. Nf3 Nf5 7. d5 exd5 8.
cxd5 Nce7 9. Nc3 Ng6 10. Bb5+ Bd7 11. Qa4 Qe7+ 12. Kd1 Qd6 13. Bxd7+ Qxd7 14.
Qxd7+ Kxd7 15. Be3 Re8 16. Kd2 Bb4 17. Rac1 Nd6 18. Kc2 Bxc3 19. Kxc3 b6 20. Kb3
Ne5 21. Nd4 Ng4 22. Rc3 Re5 23. Rhc1 Rc8 24. Nc6 Rxd5 25. Nxa7 c5 26. Nxc8 Nxc8
27. Kc2 Nd6 28. Rd3 Rxd3 29. Kxd3 Ne5+ 30. Ke2 f6 31. Bf4 Ke6 32. Bxe5 fxe5 33.
f3 Kd5 34. Rd1+ Kc6 35. Kd3 b5 36. Re1 Kd5 37. b3 c4+ 38. bxc4+ bxc4+ 39. Kc2
Nb5 40. a4 Nd4+ 41. Kc3 Ne6 42. Rd1+ Kc5 43. Rd7 Nf4 44. Rxg7 Nd5+ 45. Kd2 c3+
46. Kc2 Kc4 47. Rg4+ Kc5 48. Kb3 c2 49. Kxc2 Ne3+ 50. Kd3 Nxg4 51. fxg4 Kd5 1-0

[Event "World Blitz 2018"]
[Site "St Petersburg RUS"]
[Date "2018.12.30"]
[Round "19.12"]
[White "Dreev, Aleksey"]
[Black "Nihal, Sarin"]
[Result "1/2-1/2"]
[WhiteTitle "GM"]
[BlackTitle "GM"]
[WhiteElo "2670"]
[BlackElo "2576"]
[WhiteFideId "4100107"]
[BlackFideId "25092340"]
[EventDate "2018.12.29"]
[EventType "blitz"]

1. d4 Nf6 2. Nf3 d5 3. c4 e6 4. e3 b6 5. Nc3 Bb7 6. Be2 Nbd7 7. O-O a6 8. b3 Bd6
9. Bb2 O-O 10. Qc2 Qe7 11. Rfd1 Rac8 12. Rac1 Rfe8 13. Qb1 dxc4 14. bxc4 e5 15.
Qf5 g6 16. Qg5 exd4 17. exd4 Ba3 18. Bxa3 Qxa3 19. Ne5 Kg7 20. h4 Qe7 21. f4 c5
22. Nxd7 Qe3+ 23. Kh2 Nxd7 24. d5 Nf6 25. Qg3 Qxg3+ 26. Kxg3 Re3+ 27. Bf3 Rd8
28. Kf2 Re7 29. Rb1 Rd6 30. Na4 Nd7 31. Rb2 Ba8 32. Rdb1 b5 33. cxb5 axb5 34.
Rxb5 Bxd5 35. Rd1 Ra6 36. Nxc5 Rxa2+ 37. Kg3 Bxf3 38. Kxf3 Nxc5 39. Rxc5 Ree2
40. Rg1 Rf2+ 41. Kg3 h5 42. Rc3 Rfb2 43. Rf3 Kf6 44. Re3 Rc2 45. Kf3 Ra5 46. Kg3
Raa2 47. Kf3 Rcb2 48. Kg3 Rf2 49. Rf3 Rxf3+ 50. gxf3 1/2-1/2

[Event "World Blitz 2018"]
[Site "St Petersburg RUS"]
[Date "2018.12.30"]
[Round "19.47"]
[White "Ragger, Markus"]
[Black "Salgado Lopez, Ivan"]
[Result "0-1"]
[WhiteTitle "GM"]
[BlackTitle "GM"]
[WhiteElo "2687"]
[BlackElo "2629"]
[WhiteFideId "1610856"]
[BlackFideId "2257327"]
[EventDate "2018.12.29"]
[EventType "blitz"]

1. e4 e5 2. Nf3 Nc6 3. Bc4 Bc5 4. d3 d6 5. O-O h6 6. c3 Bb6 7. a4 a6 8. Re1 Qf6
9. Be3 Bxe3 10. fxe3 Nge7 11. Rf1 O-O 12. Nbd2 Ng6 13. Qe1 Qe7 14. d4 Kh8 15.
Qg3 Bd7 16. h4 Rg8 17. Ng5 Nxh4 18. Rxf7 Qxg5 19. Qxg5 hxg5 20. Rxd7 Rgd8 21.
Rxc7 Rac8 22. Rxc8 Rxc8 23. g3 Ng6 24. Kg2 Nf8 25. Rh1+ Nh7 26. Be6 Rc7 27. Nf3
Nd8 28. Nxg5 g6 29. Bf7 Rxf7 30. Nxf7+ Nxf7 31. b4 Kg7 32. c4 Nf6 33. c5 Nxe4
34. Rc1 dxc5 35. dxc5 Nd8 36. b5 axb5 37. axb5 Ne6 38. c6 bxc6 39. bxc6 Nc7 40.
g4 Kf6 41. Rd1 Nc5 42. Rd6+ Kf7 43. Kf3 g5 44. Rh6 e4+ 45. Ke2 Ke7 46. Kd2 N5e6
47. Kc3 Kd6 48. Kc4 Kxc6 49. Rg6 Kd6 50. Rh6 Nd5 51. Kb3 Nxe3 52. Kc3 Nxg4 53.
Rh8 Ke5 54. Kd2 Nf6 55. Ke3 Nd5+ 56. Kf2 e3+ 57. Kf3 Nd4+ 58. Kg4 e2 59. Rh1
Ne3+ 60. Kg3 Ke4 61. Kf2 Kd3 62. Rh3 Nc2 0-1

[Event "World Blitz 2018"]
[Site "St Petersburg RUS"]
[Date "2018.12.30"]
[Round "19.61"]
[White "Demchenko, Anton"]
[Black "Abdusattorov, Nodirbek"]
[Result "0-1"]
[WhiteTitle "GM"]
[BlackTitle "GM"]
[WhiteElo "2679"]
[BlackElo "2546"]
[WhiteFideId "4160258"]
[BlackFideId "14204118"]
[EventDate "2018.12.29"]
[EventType "blitz"]

1. e4 Nf6 2. e5 Ng8 3. d4 d6 4. Nf3 dxe5 5. Nxe5 Nd7 6. Nf3 Ngf6 7. Bd3 b6 8.
O-O Bb7 9. Re1 e6 10. c4 Bd6 11. Nc3 O-O 12. Bg5 h6 13. Bh4 c5 14. dxc5 Nxc5 15.
Bc2 Be7 16. Ne5 Qxd1 17. Raxd1 Rfd8 18. b4 Rxd1 19. Rxd1 g5 20. Bg3 Nce4 21.
Nxe4 Bxe4 22. Bxe4 Nxe4 23. Nc6 Bf6 24. Rd7 Rc8 25. b5 a6 26. Ra7 axb5 27. cxb5
Kg7 28. Kf1 h5 29. a4 h4 30. Bc7 Nd2+ 31. Ke2 Nc4 32. Kd3 Nb2+ 33. Ke4 Nxa4 34.
Rxa4 Rxc7 35. Ra6 Rb7 36. h3 Bc3 37. Kd3 Be1 38. Ke2 Bc3 39. Ra3 Bf6 40. Rd3 Rc7
41. Ke3 Kf8 42. Ra3 Rb7 43. Ke4 Kg7 44. Ra8 Bc3 45. Rd8 Be1 46. Ke3 f5 47. Rd6
Kf6 48. Nd4 Re7 49. Rxb6 Bb4 50. Rc6 Ba5 51. Nb3 Bb4 52. b6 Ke5 53. Rc4 Bd6 54.
Rc8 Rb7 55. Nd2 Kd5 56. Nc4 Bc5+ 57. Kd3 Bxb6 58. Rg8 Bc7 59. Ne3+ Ke5 60. Rxg5
Bd8 61. Rg6 Rc7 62. Nc4+ Kd5 63. Ne3+ Ke5 64. Rg8 Bf6 65. Nc4+ Kf4 66. Re8 Rd7+
67. Ke2 e5 68. Re6 Bg7 69. Ne3 Ra7 70. Nd5+ Ke4 71. Nc3+ 0-1